| 000 | 00756nam a22002297a 4500 | ||
|---|---|---|---|
| 005 | 20170124110027.0 | ||
| 010 | _aB-089265 | ||
| 020 | _c70.00 | ||
| 035 | _aB-089265 | ||
| 037 | _bCen Lib/Ret | ||
| 040 |
_aDPL _bEN |
||
| 082 |
_a500 _bMEH |
||
| 100 |
_aMehrotra, B.N. _920798 |
||
| 245 |
_aNew course science and technology : _cby B.N. Mehrotra [and] Nancy Sehgal _bstrictly accrding to the latest syllabus prepared by the N.C.E.R.T, New Delhi / |
||
| 260 |
_aNew Delhi _bArya Publications _c2002 |
||
| 270 |
_a30, Naiwala, karol Bagh _bNew Delhi _e110005 |
||
| 300 |
_a187p. : _c24cm(Hb) _bcol.ill. |
||
| 650 |
_aScience _910795 |
||
| 650 |
_aTechnology _93711 |
||
| 700 |
_aSehgal, Nancy _920790 |
||
| 942 |
_2ddc _cEN _h500 _mMEH |
||
| 999 |
_c127544 _d127544 |
||